Name the College Football Team: Big Sky - Statistics

General Stats
  • This quiz has been taken 25 times
  • The average score is 10 of 12
Answer Stats
Picture Answer % Correct
Eastern Washington
100%
Idaho
96%
Portland State
96%
Montana
91%
Montana State
91%
Cal Poly
87%
Northern Arizona
83%
Weber State
78%
Sacramento State
74%
Idaho State
70%
Northern Colorado
65%
UC Davis
61%
No matching quizzes found
Score Distribution
Percent of People with Each Score
Percentile by Number Answered
Your Score History
You have not taken this quiz